000 00814cam a22002411a 4500
001 ca 24000701
003 DLC
005 20260227111113.0
008 840907s1924 ksuac 000 0beng
010 _aca 24000701
035 _a(OCoLC)11130609
040 _aDLC
_cKPT
_dDLC
042 _apremarc
050 0 0 _aZ473.H15
_bG9
100 1 _aGunn, John W.
245 0 0 _aE. Haldeman-Julius :
_bthe man and his work /
_cJohn W. Gunn.
260 _aGirard, Kan. :
_bHaldeman-Julius Co.,
_cc1924.
300 _a64 p. :
_bill. ;
_c13 cm.
440 0 _aLittle blue book ;
_vno. 678
500 _aPages 61-64 contain advertising matter.
500 _aPublished 10 June 1924; copies deposited at Library of Congress 13 June 1924; copyright renewed 5 May 1952.
600 2 0 _aHaldeman-Julius, E.
_q (Emanuel),
_d1889-1951.
999 _c15834
_d15834